Statistics for Literature by Letter - A

Click here to take the quiz!

General Stats

  • This quiz has been taken 25,209 times
    (25,173 since last reset)
  • The average score is 12 of 20

Answer Stats

HintAnswer% Correct
She went to WonderlandAlice
100%
A play usually has 3 to 5 of these major divisionsAct
87%
She lived at Green GablesAnne
82%
Adversary of the protagonistAntagonist
82%
Her novels included "Pride and Prejudice" and "Emma"Jane Austen
82%
Mr. Finch of "To Kill a Mockingbird"Atticus
79%
Shakespeare play set in Roman times{Antony} and Cleopatra
78%
Famous Greek teller of fablesAesop
75%
Literary device of repeating the initial sound in a series of wordsAlliteration
70%
An Orwell book about NapoleonAnimal Farm
62%
Wrathful hero of the IliadAchilles
58%
Sun Tzu's essential guide to the militaryArt of War, The
55%
Collection of 1001 stories told by SheherazadeArabian Nights, The
54%
What Hester Prynne's scarlet letter stood forAdultery
49%
Author of "Little Women"Louisa May Alcott
48%
Predecessor to "The Da Vinci Code"Angels & Demons
47%
Prolific sci-fi author who wrote "I, Robot"Isaac Asimov
42%
He had a no good, terrible, very bad dayAlexander
32%
WWII book & movie starring James McAvoyAtonement
26%
Faulkner novel about Thomas SutpenAbsalom, Absalom
11%

Score Distribution

Percentile by Number Answered

Percent of People with Each Score

Your Score History

You have not taken this quiz since the last reset